01712nam a2200169 a 4500008004100000020001800041041000800059100001700067245005100084250003900135260004000174300001100214500007900225505120500304655001101509700002201520161215t2000 ag |||g |||| 001 f spa d a9789500717700 aspa1 aClancy, Tom. aEstado de sitio.b(Op-Center VI) /cTom Clancy a1a ed.bTraducción Laura Wittner aBuenos Aires:bSudamericana;c2000. a261 p. aClancy, T. (2000). Estado de sitio. (1a ed.). Buenos Aires : Sudamericana. aTentados por la ambición, un grupo de terroristas vinculados a ex miembros de las fuerzas de paz de la ONU se involucran en actividades delictivas. Provistos de armas y municiones robadas a la propia ONU pergeñan un plan espeluznante para captar la atención del director de Op-Center, se prepara para disfrutar -tras una larga y ajetreada vida profesional- de su merecida jubilación. Pero su retiro será breve. El grupo terrorista toma por asalto la sede la ONU cuando los embajadores de diez países diferentes se hallan reunidos allí para disfrutar de una función de gala, y piden cien millones de dólares de rescate. Sin ningún duda, la situación es grave. Pero es más grave aún para Paul Hood, cuya hija violinista se aprestaba a tocar en esa misma función. El problema se transforma en un asunto personal: las fuerzas de Op-Center deberán ser tan implacables como siempre pero, a la vez, más cautelosos que nunca. Estado de sitio confirma que la saga de Op-Center- el centro de operaciones norteamericano que reúne lo mejor en materia de defensa, inteligencia y manejo de situaciones críticas- logra hacer vibrar a sus lectores un poco más con cada entrega.  aNovela1 aPieczenik, Steve.